| 000 | 00592nam a2200217Ia 4500 | ||
|---|---|---|---|
| 003 | OSt | ||
| 005 | 20251008123639.0 | ||
| 008 | 220923b |||||||| |||| 00| 0 eng d | ||
| 037 | _cReference | ||
| 040 |
_aRTL _cRTL _beng |
||
| 041 |
_2eng _aeng |
||
| 084 |
_aV, H8.12 _qRTL |
||
| 100 |
_aToynbee Arnold J. _94972 |
||
| 245 | 0 | _aStudy of History. | |
| 260 | _c1948 | ||
| 300 |
_ax, 739 p. _bIncludes bibliographical references and index. |
||
| 490 | _vV 12: Reconsiderations | ||
| 650 |
_aHistory _9847709 |
||
| 942 |
_hV, H8.12 _cREF _2CC _n0 |
||
| 999 |
_c675583 _d675583 |
||